Statistics for Suzuki Car Models by Picture

Click here to take the quiz!

General Stats

  • This quiz has been taken 14 times
  • The average score is 5 of 16

Answer Stats

Answer% Correct
Swift Sport
92%
Jimny
83%
Vitara
58%
Ignis
50%
Baleno
33%
Celerio
33%
Kizashi
33%
Dzire
25%
Carry
17%
Ciaz
17%
Ertiga
17%
Every
17%
Fronx
17%
Wagon R
17%
Brezza
8%
Invicto
8%

Score Distribution

Percentile by Number Answered

Percent of People with Each Score

Your Score History

You have not taken this quiz